000 01262naa a22003737a 4500
001 BR7602438
003 BR-BrBNA
005 20240918173826.0
007 ta
008 230509b bl.||||| |||| 00| 0 por d
040 _aBR-BrBNA
_bpor
_cBiblioteca Nacional de Agricultura
041 _a(Pt)
072 _aF22
090 _aF22 BR7602438
100 1 _aBrunini, O.
100 1 _aReichardt, K.
100 1 _aGrohmann, F.
100 1 _aSantos, J.M. dos
111 1 _a3. Seminario Nacional de Irrigacao e Drenagem
_cFortaleza, CE (Brazil)
_d16 Nov 1975
245 1 _aDeterminacao da difusidade da agua no solo em condicoes de campo [Fisica do solo]
260 3 _aFortaleza, CE (Brasil):
_c1976.
500 _aAnais do 3. Seminario Nacional de Irrigacao e Drenagem Fortaleza, CE (Brasil): 1976. p. 306-313 (BR7602438-AM)F22
650 _aFisica do solo
650 _aAbsorcao
650 _aAgua do solo
650 _aHidraulica
650 _aLixiviacao
650 _aPerfil do solo
650 _aTextura do solo
650 _aUmidade do solo
773 0 _tAnais do 3. Seminario Nacional de Irrigacao e Drenagem
_b
_wF22 BR7602438
_gFortaleza, CE (Brasil), 1976. p. 306-313
909 _a202404
_bLucia
_c55
_dLucia Elande
942 _cAM
_2AGRIS
999 _c307139
_d307139